Consumer spending slowdown drives business failures (Record no. 72855)
[ view plain ]
| 000 -LEADER | |
|---|---|
| fixed length control field | 00937cam a2200193 4500 |
| 001 - CONTROL NUMBER | |
| control field | WB3922-04 |
| 008 - FIXED-LENGTH DATA ELEMENTS--GENERAL INFORMATION | |
| fixed length control field | 030616n2003 000 0 eng u |
| 035 ## - SYSTEM CONTROL NUMBER | |
| System control number | (Sirsi) u122603 |
| 245 ## - TITLE STATEMENT | |
| Title | Consumer spending slowdown drives business failures |
| 260 ## - PUBLICATION, DISTRIBUTION, ETC. | |
| Date of publication, distribution, etc. | 2003 |
| 490 ## - SERIES STATEMENT | |
| Series statement | BDO Stoy Hayward News |
| 520 ## - SUMMARY, ETC. | |
| Summary, etc. | Minister for Social Exclusion and Equality Barbara Roche challenged business to reap the rewards of investing in deprived areas as a guide Changing Practices by the ODPM and the British Retail Consortium was published. Success stories are highlighted in the guide including, construction company Integra locating in East Brighton benefiting from new business and creating jobs for local people. http://www.odpm.gov.uk/pns/DisplayPN.cgi?pn_id=2003_0105 |
| 590 ## - LOCAL NOTE (RLIN) | |
| Local note | TEST |
| 650 ## - SUBJECT ADDED ENTRY--TOPICAL TERM | |
| Topical term or geographic name entry element | BUSINESS FAILURES |
| 650 ## - SUBJECT ADDED ENTRY--TOPICAL TERM | |
| Topical term or geographic name entry element | BANKRUPTCY |
| 650 ## - SUBJECT ADDED ENTRY--TOPICAL TERM | |
| Topical term or geographic name entry element | Insolvency |
| 9 (RLIN) | 6247 |
| 690 ## - LOCAL SUBJECT ADDED ENTRY--TOPICAL TERM (OCLC, RLIN) | |
| Topical term or geographic name as entry element | MANAGEMENT-BUSINESS MANAGEMENT |
| 942 ## - ADDED ENTRY ELEMENTS (KOHA) | |
| Suppress in OPAC | 0 |
| Withdrawn status | Lost status | Source of classification or shelving scheme | Damaged status | Not for loan | Home library | Current library | Shelving location | Date acquired | Total Checkouts | Full call number | Barcode | Date last seen | Copy number | Price effective from | Koha item type |
|---|---|---|---|---|---|---|---|---|---|---|---|---|---|---|---|
| Dewey Decimal Classification | London | London | News article | 16/06/2003 | WB3922-04 | 122603-1001 | 06/08/2019 | 1 | 06/08/2019 | News article |